Statistics for Biggest "Pur" Cities in India

Click here to take the quiz!

General Stats

  • This quiz has been taken 61 times
  • The average score is 5 of 10

Answer Stats

PopulationStateCity% Correct
3,046,163RajasthanJaipur
95%
2,497,870MaharashtraNagpur
84%
2,920,496Uttar PradeshKanpur
76%
1,138,300RajasthanJodhpur
73%
1,123,558ChhattisgarhRaipur
65%
1,268,848Madhya PradeshJabalpur
44%
1,339,438JharkhandJamshedpur
44%
951,558MaharashtraSolapur
31%
963,173Tamil NaduTiruppur
16%
705,478Uttar PradeshSaharanpur
15%

Score Distribution

Percentile by Number Answered

Percent of People with Each Score

Your Score History

You have not taken this quiz